[Event "23rd ECh U20"]
[Site "Holon ISR"]
[Date "1995.11.??"]
[Round "9"]
[White "Skripchenko, Almira"]
[Black "Solak, Dragan"]
[Result "0-1"]
[WhiteElo "2400"]
[BlackElo "2240"]
[EventDate "1995.11.03"]
[PlyCount "70"]

1.e4 c5 2.Nf3 e6 3.d3 Nc6 4.g3 g6 5.Bg2 Bg7 6.O-O Nge7 7.c3 O-O 8.d4 d6 9.
d5 Nb8 10.dxe6 Bxe6 11.Ng5 Bc4 12.Re1 h6 13.Na3 Ba6 14.Nh3 Nbc6 15.Nf4 Ne5
16.Be3 Qc7 17.h3 b5 18.Qd2 Rab8 19.Rac1 Rfd8 20.Red1 Qa5 21.Qe1 N7c6 22.
Nd5 b4 23.cxb4 cxb4 24.Nb1 Qxa2 25.Rc2 Qb3 26.Rcd2 Nd3 27.Qf1 Nxb2 28.Qxa6
Nxd1 29.Qxc6 Nxe3 30.fxe3 Qxb1+ 31.Bf1 b3 32.Rf2 b2 33.Ne7+ Kh7 34.Qd5 Rf8
35.Kh2 Qe1 0-1

[Event "23rd ECh U20"]
[Site "Holon ISR"]
[Date "1995.11.??"]
[Round "9"]
[White "Kovacevic, Blazimir"]
[Black "Leer-Salvesen, Bjarte"]
[Result "1/2-1/2"]
[WhiteElo "2340"]
[BlackElo "2170"]
[EventDate "1995.11.03"]
[PlyCount "78"]

1.d4 e6 2.c4 d5 3.Nc3 Nf6 4.Bg5 Nbd7 5.e3 c6 6.cxd5 exd5 7.Bd3 Be7 8.Qc2 
O-O 9.Nf3 Re8 10.h3 Nf8 11.Bf4 Bd6 12.Bxd6 Qxd6 13.O-O-O Be6 14.Kb1 b6 15.
g4 c5 16.Ne5 c4 17.Be2 a6 18.f4 b5 19.f5 Bc8 20.Bf3 b4 21.Nxd5 Nxd5 22.
Qxc4 Bb7 23.e4 Rec8 24.Qb3 a5 25.exd5 a4 26.Qe3 a3 27.Nc6 b3 28.Rd2 axb2 
29.Rxb2 Rxa2 30.Ne7+ Kh8 31.Nxc8 Qa3 32.Qxb3 Rxb2+ 33.Qxb2 Qxf3 34.Qxb7 
Qxh1+ 35.Kb2 Qg2+ 36.Ka1 Qf1+ 37.Kb2 Qg2+ 38.Ka1 Qf1+ 39.Kb2 Qg2+ 1/2-1/2

[Event "23rd ECh U20"]
[Site "Holon ISR"]
[Date "1995.11.??"]
[Round "9"]
[White "Petek, Pavel"]
[Black "Drenchev, Petar"]
[Result "0-1"]
[WhiteElo "2065"]
[BlackElo "2320"]
[EventDate "1995.11.03"]
[PlyCount "122"]

1.c4 e6 2.Nf3 Nf6 3.g3 d5 4.Bg2 dxc4 5.Na3 Bxa3 6.bxa3 O-O 7.Qc2 Bd7 8.
Qxc4 Bc6 9.Bb2 Nbd7 10.O-O Bd5 11.Qc2 c5 12.d3 Qa5 13.Rac1 Rfd8 14.e4 Bc6 
15.Nd2 Ba4 16.Nb3 Qa6 17.d4 c4 18.Qxc4 Qxc4 19.Rxc4 Bb5 20.Rc7 Bxf1 21.
Kxf1 Rab8 22.Ke2 Rdc8 23.Rxc8+ Rxc8 24.Kd3 Ng4 25.f3 Ne3 26.Kxe3 Rc2 27.
Bh3 Rxb2 28.d5 Kf8 29.dxe6 fxe6 30.Bxe6 Ke7 31.Nd4 Rxh2 32.Bd5 g6 33.a4 a5
34.Ne2 Nc5 35.f4 b6 36.Bc6 Kd6 37.Bb5 Ne6 38.Bc4 Rh1 39.e5+ Ke7 40.g4 Rh3+
41.Kd2 Nc5 42.f5 gxf5 43.gxf5 Nd7 44.f6+ Kd8 45.f7 Ke7 46.e6 Ne5 47.Bb5 
Nf3+ 48.Kc2 Rh4 49.Kd3 Ne5+ 50.Kc3 h5 51.Nd4 Rf4 52.Ne2 Rf3+ 53.Kd4 Kxe6 
54.Ke4 Rxf7 55.Nf4+ Rxf4+ 56.Kxf4 h4 57.Ke4 h3 58.Bf1 h2 59.Bg2 Kd6 60.Kd4
Ng4 61.Kc4 Ne3+ 0-1